Inorganic chemistry
The book provides introduction to new and exciting areas of research such as cluster compounds, bioionrganic chemistry, organometallic chemistry, magnetic and electronic properties, and inorganic spectroscopy. It provides a detailed explanation of the relevance of thermodynamics, structures and kine...
Uloženo v:
| Hlavní autor: | |
|---|---|
| Médium: | Kniha |
| Jazyk: | Undetermined |
| Vydáno: |
London
Longman
1991
|
| Témata: | |
| Tagy: |
Přidat tag
Žádné tagy, Buďte první, kdo otaguje tento záznam!
|
| Thư viện lưu trữ: | Trung tâm Học liệu Trường Đại học Cần Thơ |
|---|
| LEADER | 00898nam a2200205Ia 4500 | ||
|---|---|---|---|
| 001 | CTU_22809 | ||
| 008 | 210402s9999 xx 000 0 und d | ||
| 020 | |b 95df | ||
| 082 | |a 546 | ||
| 082 | |b S532 | ||
| 100 | |a Alan G Sharpe | ||
| 245 | 0 | |a Inorganic chemistry | |
| 245 | 0 | |c Alan G Sharpe | |
| 260 | |a London | ||
| 260 | |b Longman | ||
| 260 | |c 1991 | ||
| 520 | |a The book provides introduction to new and exciting areas of research such as cluster compounds, bioionrganic chemistry, organometallic chemistry, magnetic and electronic properties, and inorganic spectroscopy. It provides a detailed explanation of the relevance of thermodynamics, structures and kinetics to the science, and highlights both the successes and limitations of theories of inorganic chemistry | ||
| 650 | |a chemistry, inorganic | ||
| 904 | |i Minh, 980623 | ||
| 980 | |a Trung tâm Học liệu Trường Đại học Cần Thơ | ||